[Event "Berlin Cup KO"]
[Site "Berlin"]
[Date "2019.09.12"]
[Round "3.3"]
[White "Koenig, Frank"]
[Black "Alten, Silvio"]
[Result "0-1"]
[WhiteElo "1805"]
[BlackElo "1866"]
[PlyCount "74"]
[EventDate "2019.08.29"]
[EventType "k.o."]
[EventRounds "4"]
[EventCountry "GER"]
[SourceTitle "EXT 2021"]
[Source "ChessBase"]
[SourceDate "2020.10.23"]
[SourceVersion "1"]
[SourceVersionDate "2020.10.23"]
[SourceQuality "1"]

1. Nf3 Nf6 2. c4 c5 3. Nc3 d6 4. g3 Bd7 5. Bg2 Bc6 6. d3 e6 7. 0-0 Be7 8. a3 a5 9. b3 Na6 10. Rb1 0-0 11. e4 Nd7 12. h4 Nc7 13. b4 axb4 14. axb4 cxb4 15. Rxb4 d5 16. Rb1 dxc4 17. Nd4 cxd3 18. Nxc6 bxc6 19. Qxd3 Ne5 20. Qe3 Na6 21. Rd1 Qa5 22. Ne2 Nc4 23. Qc3 Qxc3 24. Nxc3 Nc5 25. Bf1 Ne5 26. f4 Ng4 27. Be2 h5 28. e5 Rfb8 29. Bf3 Rxb1 30. Nxb1 Nb3 31. Bxg4 Bc5+ 32. Kh1 hxg4 33. Bb2 Ra2 34. Bc3 Rc2 35. Bd2 Bf2 36. Be1 Bxe1 37. Rxe1 Nd4 0-1

[Event "Berlin Lieb Memorial 4th"]
[Site "Berlin"]
[Date "2018.05.17"]
[Round "1"]
[White "Koenig, Frank"]
[Black "Grosse Austing, Bernhard"]
[Result "1-0"]
[WhiteElo "1931"]
[BlackElo "1238"]
[PlyCount "35"]
[EventDate "2018.05.17"]
[EventType "swiss"]
[EventRounds "7"]
[EventCountry "GER"]
[SourceTitle "CBM 189 Extra"]
[Source "ChessBase"]
[SourceDate "2019.06.03"]
[SourceVersion "1"]
[SourceVersionDate "2019.06.03"]
[SourceQuality "1"]

1. Nf3 e6 2. c4 f5 3. d3 Nf6 4. e4 fxe4 5. dxe4 Nxe4 6. Bd3 Nf6 7. Ng5 Qe7 8. 0-0 d5 9. Nc3 Qd7 10. cxd5 Nxd5 11. Qh5+ g6 12. Bxg6+ Ke7 13. Nxe6 Qxe6 14. Nxd5+ Kd6 15. Bf4+ Kc6 16. Rac1+ Bc5 17. Nb4+ Kb6 18. Qxc5# 1-0

[Event "Berlin Eckbauer op 20th"]
[Site "Berlin"]
[Date "2017.11.20"]
[Round "6"]
[White "Landt, Stefan"]
[Black "Koenig, Frank"]
[Result "0-1"]
[WhiteElo "1897"]
[BlackElo "1931"]
[PlyCount "78"]
[EventDate "2017.10.09"]
[EventType "swiss"]
[EventRounds "7"]
[EventCountry "GER"]
[SourceTitle "CBM 189 Extra"]
[Source "ChessBase"]
[SourceDate "2019.06.03"]
[SourceVersion "1"]
[SourceVersionDate "2019.06.03"]
[SourceQuality "1"]

1. d4 g6 2. c4 Bg7 3. Nc3 d6 4. e4 a6 5. h3 e6 6. Nge2 Nd7 7. Be3 Ne7 8. Qd2 0-0 9. g4 e5 10. d5 Nf6 11. Ng3 c5 12. Be2 Kh8 13. 0-0-0 b5 14. g5 Nd7 15. h4 b4 16. Nb1 f5 17. gxf6 Nxf6 18. h5 Ng4 19. hxg6 Nxg6 20. Bxg4 Bxg4 21. Bh6 Ra7 22. Rdg1 Nf4 23. Kc2 Qf6 24. Bxg7+ Rxg7 25. Qe3 Ng6 26. Rh2 Qf4 27. Qxf4 Nxf4 28. Nd2 Nh3 29. Rgh1 Nxf2 30. Rf1 Rgf7 31. Nf5 Nxe4 32. Nxe4 Bxf5 33. Re1 Bxe4+ 34. Rxe4 Rf4 35. Kd3 Rxe4 36. Kxe4 Rf4+ 37. Ke3 Kg7 38. Rg2+ Kf6 39. b3 h5 0-1

[Event "Berlin Eckbauer op 20th"]
[Site "Berlin"]
[Date "2017.11.06"]
[Round "4"]
[White "Boettcher, Patrick"]
[Black "Koenig, Frank"]
[Result "1-0"]
[WhiteElo "2099"]
[BlackElo "1931"]
[PlyCount "79"]
[EventDate "2017.10.09"]
[EventType "swiss"]
[EventRounds "7"]
[EventCountry "GER"]
[SourceTitle "CBM 189 Extra"]
[Source "ChessBase"]
[SourceDate "2019.06.03"]
[SourceVersion "1"]
[SourceVersionDate "2019.06.03"]
[SourceQuality "1"]

1. d4 g6 2. c4 Bg7 3. e4 d6 4. Nc3 a6 5. Be2 Nc6 6. d5 Nd4 7. Be3 c5 8. dxc6 Nxc6 9. Qd2 Nf6 10. h3 0-0 11. Nf3 Bd7 12. 0-0 Rc8 13. Bh6 Qa5 14. Bxg7 Kxg7 15. b3 Ne5 16. Rac1 Bc6 17. Qe3 Nxf3+ 18. Bxf3 Qe5 19. Rfe1 e6 20. Bd1 Rfd8 21. f4 Qa5 22. Bf3 e5 23. f5 b5 24. Re2 bxc4 25. bxc4 Qa3 26. g4 Ba8 27. g5 Ne8 28. f6+ Kg8 29. Nd5 Qxe3+ 30. Rxe3 Bxd5 31. exd5 Rc5 32. Ra3 Nc7 33. Rcc3 a5 34. Rab3 Re8 35. Bg4 h6 36. h4 hxg5 37. hxg5 Rd8 38. Be2 Na6 39. Rh3 Nb4 40. Rh4 1-0

[Event "Berlin Eckbauer op 19th"]
[Site "Berlin"]
[Date "2016.11.07"]
[Round "4"]
[White "Gebigke, Lena"]
[Black "Koenig, Frank"]
[Result "0-1"]
[WhiteElo "1639"]
[BlackElo "1927"]
[PlyCount "102"]
[EventDate "2016.10.10"]
[EventType "swiss"]
[EventRounds "7"]
[EventCountry "GER"]
[SourceTitle "EXT 2022"]
[Source "ChessBase"]
[SourceDate "2021.10.06"]
[SourceVersion "1"]
[SourceVersionDate "2021.10.06"]
[SourceQuality "1"]

1. d4 Nf6 2. c4 g6 3. Nc3 Bg7 4. e4 d6 5. Nf3 0-0 6. Be2 e5 7. 0-0 Nc6 8. d5 Ne7 9. Be3 Nd7 10. b4 f5 11. Ng5 Nf6 12. f3 Bh6 13. Bd2 Bxg5 14. Bxg5 Kg7 15. c5 f4 16. c6 b6 17. a4 a6 18. Kf2 Neg8 19. Ke1 Qe8 20. Bh4 h6 21. Kd2 g5 22. Bf2 h5 23. g3 Kh8 24. Rg1 Nh6 25. gxf4 gxf4 26. Bh4 Qf7 27. Bg5 Nhg8 28. Qe1 Nh7 29. h4 Nxg5 30. hxg5 Ne7 31. Qh4 Kg7 32. Rh1 Ng6 33. Qf2 h4 34. Rag1 Rh8 35. Bf1 a5 36. b5 Rh5 37. Rh2 Qe7 38. Ne2 Rxg5 39. Rxg5 Qxg5 40. Rg2 Qh6 41. Rh2 Bg4 42. Nd4 exd4 43. Qxd4+ Kf7 44. fxg4 Ne5 45. Qf2 Rg8 46. Ke1 Rxg4 47. Be2 f3 48. Kd1 Qf4 49. Bf1 Qxe4 50. Qc2 Qd4+ 51. Kc1 Re4 0-1

[Event "Berlin Lieb Memorial 2nd"]
[Site "Berlin"]
[Date "2016.06.09"]
[Round "4"]
[White "Engers, Felix"]
[Black "Koenig, Frank"]
[Result "1-0"]
[WhiteElo "1850"]
[BlackElo "1939"]
[PlyCount "68"]
[EventDate "2016.05.19"]
[EventType "swiss"]
[EventRounds "7"]
[EventCountry "GER"]
[SourceTitle "EXT 2022"]
[Source "ChessBase"]
[SourceDate "2021.10.06"]
[SourceVersion "1"]
[SourceVersionDate "2021.10.06"]
[SourceQuality "1"]

1. c4 g6 2. g3 Bg7 3. Nc3 d6 4. Bg2 Nd7 5. e4 e5 6. Nge2 Ne7 7. 0-0 0-0 8. d3 f5 9. Nd5 c6 10. Nxe7+ Qxe7 11. Rb1 Nc5 12. b4 Ne6 13. f4 fxe4 14. dxe4 Nd4 15. Nxd4 exd4 16. Qd3 c5 17. bxc5 dxc5 18. Ba3 b6 19. e5 Bf5 20. Be4 Bxe4 21. Qxe4 Rad8 22. Rbd1 Qe6 23. Qd3 g5 24. Rde1 gxf4 25. gxf4 Rf5 26. Re2 Rdf8 27. Bc1 Kh8 28. Ref2 Bh6 29. Kh1 Bg7 30. Re1 Bxe5 31. Rg2 Qc6 32. fxe5 Rf3 33. Qe4 Qe6 34. Reg1 Rf1 1-0

[Event "Berlin Lieb Memorial 2nd"]
[Site "Berlin"]
[Date "2016.05.19"]
[Round "1"]
[White "Grabs, Peter"]
[Black "Koenig, Frank"]
[Result "0-1"]
[WhiteElo "1333"]
[BlackElo "1939"]
[PlyCount "78"]
[EventDate "2016.05.19"]
[EventType "swiss"]
[EventRounds "7"]
[EventCountry "GER"]
[SourceTitle "EXT 2022"]
[Source "ChessBase"]
[SourceDate "2021.10.06"]
[SourceVersion "1"]
[SourceVersionDate "2021.10.06"]
[SourceQuality "1"]

1. e4 g6 2. d4 Bg7 3. Nc3 d6 4. Nf3 a6 5. Bc4 e6 6. Be3 Nd7 7. Qd2 Ne7 8. Bf4 0-0 9. Bh6 e5 10. Bxg7 Kxg7 11. dxe5 dxe5 12. Qg5 h6 13. Qg3 Nc6 14. h4 Qe7 15. h5 Nd4 16. 0-0-0 Nxf3 17. gxf3 c6 18. hxg6 fxg6 19. Rh4 b5 20. Be2 Nf6 21. Qh2 Ng8 22. f4 exf4 23. Rxf4 Qg5 24. Kb1 Qxf4 25. Rf1 Qxh2 26. Nd1 Bh3 27. Re1 Rxf2 28. Bd3 Rd2 29. a3 Rd8 30. Nc3 R8xd3 31. Rc1 b4 32. axb4 Rd4 33. Na4 Rd1 34. Rxd1 Rxd1+ 35. Ka2 Qxc2 36. Nc5 Qc4+ 37. Nb3 Be6 38. Ka3 Ra1+ 39. Nxa1 Qa2# 0-1

[Event "Berlin Eckbauer op 18th"]
[Site "Berlin"]
[Date "2015.11.16"]
[Round "6"]
[White "Schmidt, Michael3333"]
[Black "Koenig, Frank"]
[Result "0-1"]
[WhiteElo "1532"]
[BlackElo "1939"]
[PlyCount "54"]
[EventDate "2015.10.05"]
[EventType "swiss"]
[EventRounds "7"]
[EventCountry "GER"]
[SourceTitle "EXT 2022"]
[Source "ChessBase"]
[SourceDate "2021.10.06"]
[SourceVersion "1"]
[SourceVersionDate "2021.10.06"]
[SourceQuality "1"]

1. e4 g6 2. d4 Bg7 3. Nc3 d6 4. Nf3 a6 5. Be3 b5 6. a3 Bb7 7. Bd3 Nd7 8. Qd2 e6 9. 0-0 Ne7 10. Bh6 0-0 11. Bxg7 Kxg7 12. a4 b4 13. Nd1 Rb8 14. Ne3 c5 15. c3 Nf6 16. e5 Nh5 17. Ng4 Ng8 18. Ng5 cxd4 19. cxd4 dxe5 20. dxe5 h6 21. Nf3 Bxf3 22. gxf3 Qd4 23. Rfe1 Rfd8 24. Rad1 Nf4 25. Re3 h5 26. Nf6 Nxf6 27. exf6+ Qxf6 0-1

[Event "Berlin Lieb Memorial 1st"]
[Site "Berlin"]
[Date "2015.06.11"]
[Round "4"]
[White "Koenig, Frank"]
[Black "Catalano, Enzo"]
[Result "1-0"]
[WhiteElo "1946"]
[BlackElo "1576"]
[PlyCount "53"]
[EventDate "2015.05.21"]
[EventType "swiss"]
[EventRounds "7"]
[EventCountry "GER"]
[SourceTitle "EXT 2022"]
[Source "ChessBase"]
[SourceDate "2021.10.06"]
[SourceVersion "1"]
[SourceVersionDate "2021.10.06"]
[SourceQuality "1"]

1. g3 Nf6 2. d3 d5 3. Bg2 Bf5 4. Nd2 e6 5. a3 h6 6. e3 Be7 7. Ne2 0-0 8. 0-0 c6 9. h3 a5 10. g4 Bh7 11. Ng3 Nbd7 12. f4 Qc7 13. Qe1 Bd6 14. Nf3 e5 15. g5 exf4 16. gxf6 fxg3 17. fxg7 Rfe8 18. Nh4 Re6 19. Rf3 Rf6 20. Bd2 Rxf3 21. Nxf3 Kxg7 22. Qe2 Rg8 23. Rf1 f5 24. Nd4 Kf6 25. Qh5 Bg6 26. Qh4+ Kg7 27. Ne6+ 1-0

[Event "Berlin Lieb Memorial 1st"]
[Site "Berlin"]
[Date "2015.05.21"]
[Round "1"]
[White "Gerisch, Hans Dieter"]
[Black "Koenig, Frank"]
[Result "0-1"]
[WhiteElo "1566"]
[BlackElo "1946"]
[PlyCount "52"]
[EventDate "2015.05.21"]
[EventType "swiss"]
[EventRounds "7"]
[EventCountry "GER"]
[SourceTitle "EXT 2022"]
[Source "ChessBase"]
[SourceDate "2021.10.06"]
[SourceVersion "1"]
[SourceVersionDate "2021.10.06"]
[SourceQuality "1"]

1. e4 c5 2. Nf3 g6 3. d4 cxd4 4. Nxd4 Nc6 5. Nc3 Bg7 6. Nxc6 bxc6 7. Bd2 Rb8 8. Rb1 Nf6 9. Bd3 0-0 10. b3 d6 11. 0-0 Ng4 12. f3 Qb6+ 13. Kh1 Nf2+ 14. Rxf2 Qxf2 15. Ne2 f5 16. Qg1 Qxg1+ 17. Kxg1 fxe4 18. Bxe4 d5 19. Bd3 e5 20. Ng3 Bf6 21. Be3 Rf7 22. Re1 Kg7 23. c3 h5 24. c4 h4 25. Nf1 Bf5 26. Bb1 dxc4 0-1

[Event "Berlin Eckbauer op 17th"]
[Site "Berlin"]
[Date "2014.10.06"]
[Round "1"]
[White "Lehmann, Michael"]
[Black "Koenig, Frank"]
[Result "0-1"]
[WhiteElo "1565"]
[BlackElo "1946"]
[PlyCount "88"]
[EventDate "2014.10.06"]
[EventType "swiss"]
[EventRounds "7"]
[EventCountry "GER"]
[SourceTitle "EXT 2022"]
[Source "ChessBase"]
[SourceDate "2021.10.06"]
[SourceVersion "1"]
[SourceVersionDate "2021.10.06"]
[SourceQuality "1"]

1. d4 g6 2. c4 Bg7 3. Nc3 d6 4. Nf3 Nd7 5. e3 a6 6. Be2 e6 7. 0-0 Ne7 8. Qc2 0-0 9. b3 c6 10. Ba3 Nf6 11. Rac1 b5 12. Rfd1 Rb8 13. Bb2 d5 14. c5 Nd7 15. b4 f5 16. Qb3 Kh8 17. a4 Nf6 18. axb5 axb5 19. Ra1 Bd7 20. Ra5 Ne4 21. Rda1 h6 22. Ra7 g5 23. Ne1 Ng6 24. Nd3 Nd2 25. Qd1 Nc4 26. Bh5 Nxb2 27. Nxb2 Be8 28. R1a6 Ne7 29. Bxe8 Qxe8 30. Rc7 Rc8 31. Raa7 Rxc7 32. Rxc7 Bf6 33. Qa1 Qb8 34. Ra7 e5 35. Ne2 f4 36. Nd1 Nf5 37. Rd7 fxe3 38. Qb1 exf2+ 39. Nxf2 e4 40. Nxe4 dxe4 41. Qxe4 Bg7 42. g4 Nh4 43. Qe7 Nf3+ 44. Kf1 Ne5+ 0-1

[Event "Zehlendorf op 14th"]
[Site "Berlin"]
[Date "2014.06.05"]
[Round "4"]
[White "Steppan, Siegfried"]
[Black "Koenig, Frank"]
[Result "0-1"]
[WhiteElo "1656"]
[BlackElo "1940"]
[PlyCount "54"]
[EventDate "2014.05.08"]
[EventType "swiss"]
[EventRounds "7"]
[EventCountry "GER"]
[SourceTitle "EXT 2023"]
[Source "ChessBase"]
[SourceDate "2022.10.05"]
[SourceVersion "1"]
[SourceVersionDate "2022.10.05"]
[SourceQuality "1"]

1. d4 Nf6 2. c4 g6 3. Nc3 Bg7 4. e4 d6 5. Nf3 0-0 6. Be2 e5 7. d5 a5 8. 0-0 Na6 9. h3 Nc5 10. Qc2 Ne8 11. Bg5 f6 12. Be3 b6 13. a3 f5 14. Bxc5 bxc5 15. Bd3 f4 16. Kh2 h5 17. g3 Bh6 18. Be2 Qd7 19. Ng1 Nf6 20. Rfd1 Nh7 21. g4 f3 22. Bxf3 Ng5 23. Bg2 hxg4 24. h4 Nf3+ 25. Nxf3 gxf3 26. Bf1 Bf4+ 27. Kh1 Qg4 0-1

[Event "Zehlendorf op 14th"]
[Site "Berlin"]
[Date "2014.05.15"]
[Round "2"]
[White "Simon, Ralf Axel"]
[Black "Koenig, Frank"]
[Result "1-0"]
[WhiteElo "2214"]
[BlackElo "1940"]
[PlyCount "81"]
[EventDate "2014.05.08"]
[EventType "swiss"]
[EventRounds "7"]
[EventCountry "GER"]
[SourceTitle "EXT 2023"]
[Source "ChessBase"]
[SourceDate "2022.10.05"]
[SourceVersion "1"]
[SourceVersionDate "2022.10.05"]
[SourceQuality "1"]

1. Nf3 Nf6 2. c4 g6 3. Nc3 Bg7 4. e4 d6 5. d4 0-0 6. Be2 e5 7. Be3 Nc6 8. d5 Ne7 9. Nd2 Nd7 10. b4 f5 11. f3 f4 12. Bf2 Nf6 13. c5 g5 14. Nc4 Ne8 15. h4 Ng6 16. hxg5 Qxg5 17. Rh2 Qd8 18. Qd2 Bf6 19. 0-0-0 Rf7 20. Rdh1 a5 21. Nxa5 dxc5 22. Bxc5 Nd6 23. Nc4 Be7 24. Nxd6 Bxd6 25. Nb5 b6 26. Bxd6 cxd6 27. Kb1 Ba6 28. Nc3 Bxe2 29. Qxe2 Ne7 30. Rc1 Nc8 31. Rhh1 Na7 32. Rc2 b5 33. Qf2 Rc8 34. Rhc1 Rc4 35. a3 Rfc7 36. Nd1 Qc8 37. Nb2 Qa6 38. Nxc4 bxc4 39. Ra2 Nb5 40. Qh4 Kg7 41. Qg5+ 1-0

[Event "Zehlendorf op 14th"]
[Site "Berlin"]
[Date "2014.05.08"]
[Round "1"]
[White "Koenig, Frank"]
[Black "Catalano, Enzo"]
[Result "1-0"]
[WhiteElo "1940"]
[BlackElo "1573"]
[PlyCount "67"]
[EventDate "2014.05.08"]
[EventType "swiss"]
[EventRounds "7"]
[EventCountry "GER"]
[SourceTitle "EXT 2023"]
[Source "ChessBase"]
[SourceDate "2022.10.05"]
[SourceVersion "1"]
[SourceVersionDate "2022.10.05"]
[SourceQuality "1"]

1. Nf3 Nf6 2. g3 g6 3. Bg2 Bg7 4. 0-0 d6 5. d3 0-0 6. e4 Nc6 7. Nbd2 Bg4 8. h3 Bd7 9. Re1 e5 10. Nf1 h6 11. Ne3 Nd4 12. Nh4 Ne6 13. Kh2 Nh7 14. Nf3 Nhg5 15. Nxg5 Nxg5 16. h4 Ne6 17. h5 f5 18. hxg6 f4 19. Nf5 Ng5 20. gxf4 exf4 21. Bxf4 Bxf5 22. exf5 Rxf5 23. Qg4 Qf6 24. Bg3 h5 25. Qc4+ Kh8 26. f4 h4 27. Rh1 Qxg6 28. fxg5 Rxg5 29. Qxh4+ Rh5 30. Qxh5+ Qxh5+ 31. Kg1 Bd4+ 32. Bf2 Qxh1+ 33. Bxh1 Rg8+ 34. Bg2 1-0

[Event "GER OS-234 email"]
[Site "GER email"]
[Date "2014.01.29"]
[Round "?"]
[White "Koenig, Frank"]
[Black "Herzog, Klaus"]
[Result "0-1"]
[WhiteElo "1530"]
[BlackElo "1802"]
[PlyCount "78"]
[EventDate "2014.02.10"]
[EventType "tourn (corr)"]
[EventRounds "6"]
[EventCountry "GER"]
[SourceTitle "Corr 2015"]
[Source "ChessBase"]
[SourceDate "2015.07.17"]
[SourceVersion "1"]
[SourceVersionDate "2015.07.17"]
[SourceQuality "1"]

1. e4 e5 2. Nf3 Nc6 3. Bc4 Bc5 4. 0-0 d6 5. h3 h6 6. c3 a6 7. b4 Ba7 8. d3 Nf6 9. Re1 0-0 10. Be3 Bxe3 11. fxe3 b5 12. Bb3 a5 13. Nbd2 axb4 14. c4 bxc4 15. dxc4 Bb7 16. Qc2 Nd7 17. Nf1 Qf6 18. Qf2 Nc5 19. Rad1 Nxe4 20. Qc2 Nc3 21. Rd2 Na5 22. Rf2 Nxb3 23. axb3 Ra2 24. Qxa2 Nxa2 25. Ra1 Nc3 26. Ra7 Nd1 27. Rxb7 Nxf2 28. Kxf2 e4 29. Ke2 exf3+ 30. gxf3 Qb2+ 31. Nd2 Ra8 32. Kd3 Ra2 33. Ne4 Qxb3+ 34. Kd4 Qd1+ 35. Nd2 Rxd2+ 36. Ke4 Qb1+ 37. Kf4 g5+ 38. Kg4 Rg2+ 39. Kh5 Qg6# 0-1

[Event "GER OS-233 email"]
[Site "GER email"]
[Date "2014.01.29"]
[Round "?"]
[White "Koenig, Frank"]
[Black "Lukas, Maritta"]
[Result "0-1"]
[WhiteElo "1522"]
[BlackElo "1912"]
[PlyCount "72"]
[EventDate "2014.02.10"]
[EventType "tourn (corr)"]
[EventRounds "6"]
[EventCountry "GER"]
[SourceTitle "Corr 2015"]
[Source "ChessBase"]
[SourceDate "2015.07.17"]
[SourceVersion "1"]
[SourceVersionDate "2015.07.17"]
[SourceQuality "1"]

1. e4 e6 2. d4 d5 3. e5 c5 4. Nf3 Nc6 5. Nc3 cxd4 6. Nxd4 Nge7 7. Bb5 a6 8. Bxc6+ bxc6 9. 0-0 c5 10. Nf3 Ng6 11. Re1 Be7 12. Bd2 0-0 13. a3 Rb8 14. Rb1 h6 15. h3 Bb7 16. Qe2 d4 17. Nd1 c4 18. Nh2 Nh4 19. f3 d3 20. cxd3 cxd3 21. Qf2 Nf5 22. Ne3 Bh4 23. Qf1 Ng3 24. Qf2 Ne4 25. fxe4 Bxf2+ 26. Kxf2 f6 27. Kg1 Bxe4 28. Neg4 f5 29. Nf2 Qd5 30. Nxe4 fxe4 31. b4 Rbc8 32. Ng4 Rc2 33. Ne3 Qd4 34. Kh2 Rxd2 35. Kg3 Qxe5+ 36. Kg4 Qg5# 0-1

[Event "GER-chT23 Lands V-Gruppe 2 email"]
[Site "GER email"]
[Date "2013.09.28"]
[Round "?"]
[White "Koenig, Frank"]
[Black "Schwenteck, Carsten"]
[Result "0-1"]
[WhiteElo "1530"]
[BlackElo "2226"]
[PlyCount "50"]
[EventDate "2013.10.14"]
[EventType "tourn (corr)"]
[EventRounds "4"]
[EventCountry "GER"]
[SourceTitle "Corr 2015"]
[Source "ChessBase"]
[SourceDate "2015.07.17"]
[SourceVersion "1"]
[SourceVersionDate "2015.07.17"]
[SourceQuality "1"]

1. e4 e6 2. d4 d5 3. e5 c5 4. Nf3 cxd4 5. Nxd4 Nc6 6. Nxc6 bxc6 7. Be3 Rb8 8. b3 Qc7 9. Bf4 Bc5 10. Bd3 Bd4 11. c3 Bxe5 12. Bg3 Bxg3 13. hxg3 Nf6 14. Nd2 e5 15. Qe2 e4 16. Bc2 0-0 17. b4 c5 18. bxc5 Qxc5 19. c4 Rb2 20. Bb3 Bg4 21. Qe3 d4 22. Qf4 e3 23. Nf3 Rxf2 24. Rf1 Qb4+ 25. Kd1 Qd2# 0-1

[Event "GER-chT22 Lands V-Gruppe 1 email"]
[Site "GER email"]
[Date "2013.02.14"]
[Round "?"]
[White "Hoebel, Hartmut"]
[Black "Koenig, Frank"]
[Result "1-0"]
[WhiteElo "2136"]
[BlackElo "1522"]
[PlyCount "55"]
[EventDate "2013.02.25"]
[EventType "tourn (corr)"]
[EventRounds "4"]
[EventCountry "GER"]
[SourceTitle "Corr 2015"]
[Source "ChessBase"]
[SourceDate "2015.07.17"]
[SourceVersion "1"]
[SourceVersionDate "2015.07.17"]
[SourceQuality "1"]

1. d4 Nf6 2. c4 e6 3. Nf3 Bb4+ 4. Bd2 Qe7 5. g3 Nc6 6. Nc3 a6 7. Bg2 0-0 8. 0-0 d6 9. Qc2 Re8 10. a3 Ba5 11. b4 Bb6 12. c5 Ba7 13. e4 Bd7 14. e5 dxe5 15. dxe5 Ng4 16. Rae1 Rad8 17. h3 Nh6 18. Bxh6 gxh6 19. Ne4 f5 20. exf6 Qf7 21. Qc3 Rf8 22. a4 Qg6 23. b5 axb5 24. axb5 Ne7 25. fxe7 Rxf3 26. exd8Q+ Qe8 27. Nf6+ Rxf6 28. Qdxf6 1-0

[Event "GER-chT22 Lands V-Gruppe 1 email"]
[Site "GER email"]
[Date "2013.02.14"]
[Round "?"]
[White "Koenig, Frank"]
[Black "Droessler, Uwe"]
[Result "0-1"]
[WhiteElo "1522"]
[BlackElo "2017"]
[PlyCount "90"]
[EventDate "2013.02.25"]
[EventType "tourn (corr)"]
[EventRounds "4"]
[EventCountry "GER"]
[SourceTitle "Corr 2015"]
[Source "ChessBase"]
[SourceDate "2015.07.17"]
[SourceVersion "1"]
[SourceVersionDate "2015.07.17"]
[SourceQuality "1"]

1. e4 e6 2. Nf3 c5 3. Nc3 Nc6 4. a3 Nf6 5. d3 d5 6. Bg5 d4 7. Nb1 h6 8. Bh4 e5 9. Nbd2 Be6 10. Be2 Be7 11. 0-0 0-0 12. Bg3 Bd6 13. Bh4 a6 14. c4 Be7 15. Bg3 Qc7 16. Re1 Bd6 17. h3 Nh5 18. Bh2 Nf4 19. Bxf4 exf4 20. Nh2 f6 21. Ndf3 Bf7 22. Bf1 Rfe8 23. Rb1 g6 24. Kh1 Be6 25. b3 Kg7 26. Qd2 b5 27. Be2 Rab8 28. cxb5 axb5 29. Ng1 Ra8 30. Qb2 Reb8 31. Bg4 Bxg4 32. Nxg4 h5 33. Nh2 c4 34. dxc4 bxc4 35. b4 c3 36. Qc2 Rxa3 37. Nhf3 Nxb4 38. Qc1 Nd3 39. Qd1 Nxf2+ 40. Kh2 Nxd1 41. Rbxd1 c2 42. Rc1 d3 43. Kh1 Bb4 44. Rf1 d2 45. Nxd2 Bxd2 0-1

[Event "Berlin Lichtenberger op 11th"]
[Site "Berlin"]
[Date "2012.08.23"]
[Round "6"]
[White "Boeck, Moacir Luis"]
[Black "Koenig, Frank"]
[Result "0-1"]
[WhiteElo "1845"]
[BlackElo "1949"]
[PlyCount "50"]
[EventDate "2012.08.18"]
[EventType "swiss"]
[EventRounds "9"]
[EventCountry "GER"]
[SourceTitle "CBM 150 Extra"]
[Source "ChessBase"]
[SourceDate "2012.10.19"]
[SourceVersion "1"]
[SourceVersionDate "2012.10.19"]
[SourceQuality "1"]

1. e4 c5 2. Nf3 g6 3. d4 cxd4 4. Nxd4 Nc6 5. Bc4 Nf6 6. Nxc6 bxc6 7. Qf3 Bg7 8. 0-0 0-0 9. c3 d5 10. exd5 cxd5 11. Bb3 Qc7 12. h3 Bb7 13. Qe2 a5 14. Re1 e6 15. Nd2 a4 16. Bc2 a3 17. Bb3 Qc6 18. f3 Nh5 19. Nb1 Ba6 20. Qc2 axb2 21. Bxb2 Rfc8 22. Qd2 Qc7 23. Rc1 Be5 24. Rc2 Bh2+ 25. Kf2 Qg3+ 0-1